Effectiffs Pays-Bas Euro 2024 - Statistiques

Statistiques générales
  • Ce quiz a été pris 32 fois
  • Le résultat moyen est 11 sur 26
Statistiques - réponses
Poste Numéro Club Joueur % Correct
Défenseur 4 FC Liverpool Virgil van Dijk
93%
Défenseur 5 Manchester City Nathan Aké
70%
Défenseur 6 Inter Milan Stefan de Vrij
70%
Défenseur 3 Bayern Munich Matthijs de Ligt
63%
Défenseur 15 Tottenham Hotspur Micky van de Ven
63%
Milieu 7 PSG Xavi Simons
60%
Attaquant 11 FC Liverpool Cody Gakpo
57%
Attaquant 10 Sans Club Memphis Depay
57%
Gardien 1 Brighton Bart Verbruggen
53%
Attaquant 9 FC Burnley Wout Weghorst
43%
Défenseur 27 FC Girona Daley Blind
37%
Milieu 22 Inter Milan Denzel Dumfries
37%
Milieu 26 FC Liverpool Ryan Gravenberch
37%
Attaquant 18 Borussia Dortmund Donyell Malen
33%
Milieu 12 Bayer Leverkusen Jeremie Frimpong
33%
Attaquant 21 FC Bologne Joshua Zirkzee
33%
Gardien 23 FC Brentford Mark Flekken
33%
Gardien 13 Feyenoord Justin Bijlow
30%
Milieu 8 Al-Ettifaq Georginio Wijnaldum
27%
Défenseur 20 Aston Villa Ian Maatsen
23%
Milieu 16 PSV Joey Veerman
23%
Attaquant 19 Ajax Brian Brobbey
20%
Milieu 24 PSV Jerdy Schouten
20%
Milieu 14 AC Milan Tijjani Reijnders
20%
Défenseur 2 Feyenoord Lutsharel Geertruida
17%
Attaquant 25 Ajax Steven Bergwijn
17%
Aucun quiz correspondant
Distribution des résultats
% des personnes avec chaque résultat
Percentile par nombre de réponses
Votre historique - résultats
Vous n’avez pas pris ce quiz